Principles of stellar structure (Record no. 3241)

MARC details
000 -LEADER
fixed length control field 00591nam a2200193Ia 4500
003 - CONTROL NUMBER IDENTIFIER
control field IN-BaIIA
008 - FIXED-LENGTH DATA ELEMENTS--GENERAL INFORMATION
fixed length control field 211028s9999 xx 000 0 eng d
040 ## - CATALOGING SOURCE
Transcribing agency IIA Library
080 ## - UNIVERSAL DECIMAL CLASSIFICATION NUMBER
Universal Decimal Classification number 524.3-5
Item number COX-2
100 ## - MAIN ENTRY--PERSONAL NAME
Personal name Cox, J. P.
9 (RLIN) 5760
245 #0 - TITLE STATEMENT
Title Principles of stellar structure
Remainder of title vol. 2, applications to stars
Statement of responsibility, etc. J. P. Cox
260 ## - PUBLICATION, DISTRIBUTION, ETC.
Place of publication, distribution, etc. New York
Name of publisher, distributor, etc. Gordon and Breach Science
Date of publication, distribution, etc. 1968
300 ## - PHYSICAL DESCRIPTION
Extent xliv, 569-1327p.
650 ## - SUBJECT ADDED ENTRY--TOPICAL TERM
Topical term or geographic name entry element Astronomy and astrophysics thesaurus
650 ## - SUBJECT ADDED ENTRY--TOPICAL TERM
Topical term or geographic name entry element Stellar atmospheres
9 (RLIN) 1135
650 ## - SUBJECT ADDED ENTRY--TOPICAL TERM
Topical term or geographic name entry element Stellar structure
650 ## - SUBJECT ADDED ENTRY--TOPICAL TERM
Topical term or geographic name entry element Steller interiors
9 (RLIN) 4077
942 ## - ADDED ENTRY ELEMENTS (KOHA)
Koha item type Books
Holdings
Withdrawn status Lost status Damaged status Not for loan Home library Current library Shelving location Date acquired Cost, normal purchase price Total Checkouts Full call number Barcode Date last seen Cost, replacement price Price effective from Koha item type Purchase Price
        IIA Library-Bangalore IIA Library-Bangalore General Stacks 20/05/1969 803.41   524.3-5/ COX-2 3600 05/11/2021 803.41 20/05/1969 Books Rs. 803.41

Powered by Koha